| Tag |
First Indicator |
Second Indicator |
Subfields |
| LEADER |
00000cam a2200000Ii 4500 |
| 001 |
in00004530286 |
| 005 |
20191205081651.0 |
| 008 |
770104s1974 gw b 000 0 ger |
| 035 |
|
|
|a (OCoLC)ocm02659101
|
| 035 |
|
|
|a (OCoLC)2659101
|
| 035 |
|
|
|z (UtOrBLW)61895
|
| 035 |
|
|
|a 89022
|
| 040 |
|
|
|a AGL
|b eng
|c AGL
|d UtOrBLW
|
| 041 |
0 |
|
|a ger
|b eng
|
| 049 |
|
|
|a TMVM
|
| 100 |
1 |
|
|a Müller, Gerd.
|
| 242 |
0 |
0 |
|a Investigations on cholinesterase activity in serum of healthy and diseased cattle.
|
| 245 |
1 |
0 |
|a Untersuchungen über die Aktivität der Cholinesterase im Serum gesunder und kranker Rinder /
|c vorgelegt von Gerd Müller.
|
| 264 |
|
1 |
|a Hannover :
|b Tierärztliche Hochschule,
|c 1974.
|
| 300 |
|
|
|a 64 pages
|
| 336 |
|
|
|a text
|2 rdacontent
|b txt
|
| 337 |
|
|
|a unmediated
|2 rdamedia
|
| 338 |
|
|
|a volume
|2 rdacarrier
|b nc
|
| 490 |
0 |
|
|a Hanover (City). Tierärztliche Hochschule. [Inaugural-Dissertation ; 1974, no. 117]
|
| 500 |
|
|
|a English summary.
|
| 504 |
|
|
|a Bibliography: pages 56-64.
|
| 999 |
|
|
|a MARS
|
| 999 |
f |
f |
|s 91384053-9dad-3ccd-aafb-49f33b6175fd
|i 5655ac7a-fc8a-390f-8c3e-3a4e55b3fb93
|t 0
|
| 952 |
f |
f |
|p preservation
|a Texas A&M University
|b J.J. Pickle Campus
|c High Density Repository
|d Remote Storage
|t 0
|e German dissertations
|h Other scheme
|i unmediated -- volume
|m 3238902443476
|
| 998 |
f |
f |
|a German dissertations
|t 0
|l Remote Storage
|